Normal view
MARC view
- اعداد الخليل، عبد القادر مرعي
Entry Personal Name
001 - CONTROL NUMBER
- control field: 58952
003 - CONTROL NUMBER IDENTIFIER
- control field: JO-AjAnu
005 - DATE AND TIME OF LATEST TRANSACTION
- control field: 20230606083638.0
008 - FIXED-LENGTH DATA ELEMENTS
- fixed length control field: 230606|| aca||aabn | a|a d
040 ## - CATALOGING SOURCE
- Original cataloging agency: JO-AjAnu
- Transcribing agency: JO-AjAnu
100 ## - HEADING--PERSONAL NAME
- Personal name: اعداد الخليل، عبد القادر مرعي
670 ## - SOURCE DATA FOUND
- Source citation: Work cat.: (JO-AjAnu)30072: اعداد الخليل، عبد القادر مرعي, author, التشكيل الصوتي في اللغة العربية : بحوث ودراسات